[Event "British Chess Championships 2023: British Championship"]
[Site "The Venue, De Montfort University, 20 Western Boulevard, Leicester, LE2 7BU"]
[Date "2023.07.30"]
[Round "9"]
[Board "7"]
[White "Wadsworth, Matthew J"]
[Black "Jackson, James P"]
[Result "1-0"]
[WhiteElo "2431"]
[BlackElo "2390"]
[PlyCount "0"]
[EventDate "2023.07.22"]
[EventRounds "9"]
[EventCountry "ENG"]

1. d4 Nf6 2. c4 g6 3. Nf3 Bg7 4. g3 O-O 5. Bg2 d6 6. Nc3 c5 7. O-O Nc6 8. dxc5 dxc5
9. Be3 Be6 10. Qa4 Nd4 11. Rac1 a6 12. Ng5 Bd7 13. Qa3 Ng4 14. Bf4 h6 15. Nge4 g5
16. Bd2 b6 17. e3 Nc6 18. Na4 Qc7 19. Bc3 Nge5 20. Bxe5 Nxe5 21. Nec3 e6 22. Bxa8
Rxa8 23. f4 gxf4 24. gxf4 Ng4 25. Ne2 Bc6 26. h3 Qe7 27. e4 Nf6 28. e5 Ne4 29. Qe3
Rd8 30. Nac3 Nd2 31. Rf2 Nxc4 32. Qg3 Nxb2 33. Kh2 f5 34. Rg1 Nd3 35. Rff1 Kh8 36.
Rd1 c4 37. Nc1 Qf7 38. Nxd3 cxd3 39. Rxd3 Rxd3 40. Qxd3 b5 41. Qd8+ Kh7 42. Qd6 Bb7
43. Ne2 Bf8 44. Qd8 Bd5 45. Rc1 Qh5 46. Nd4 Kg8 47. Qf6 Qf7 48. Rg1+ Bg7 49. a3 Qa7
50. Qxh6 Kf8 51. Rxg7 Qxg7 52. Nxe6+ Bxe6 53. Qxe6 Qb7 54. Qxf5+ Kg8 55. Qg4+ Kf8
56. Qf5+ Kg8 57. Qd3 Qc7 58. Qg6+ Kh8 59. Qxa6 Qc2+ 60. Kg3 Qd1 61. Qa8+ Kg7 62.
Qb7+ Kh8 63. Qc8+ Kh7 64. Qf5+ Kh8 65. Kh4 Qe1+ 66. Kh5 Qc3 67. Kh6  1-0

[Event "British Chess Championships 2023: British Championship"]
[Site "The Venue, De Montfort University, 20 Western Boulevard, Leicester, LE2 7BU"]
[Date "2023.07.30"]
[Round "9"]
[Board "8"]
[White "Yao, Lan"]
[Black "Pert, Richard G"]
[Result "1/2-1/2"]
[WhiteElo "2242"]
[BlackElo "2421"]
[PlyCount "0"]
[EventDate "2023.07.22"]
[EventRounds "9"]
[EventCountry "ENG"]

1. e4 g6 2. d4 Bg7 3. Nc3 c6 4. Be3 d5 5. e5 Nh6 6. Qd2 Nf5 7. Bf4 h5 8. Nf3 a5 9.
h3 Na6 10. O-O-O Nc7 11. Bd3 Ne6 12. Bxf5 gxf5 13. Ne2 h4 14. Be3 a4  1/2-1/2

[Event "British Chess Championships 2023: British Championship"]
[Site "The Venue, De Montfort University, 20 Western Boulevard, Leicester, LE2 7BU"]
[Date "2023.07.30"]
[Round "9"]
[Board "9"]
[White "Eggleston, David J"]
[Black "Dong, Bao Nghia"]
[Result "1-0"]
[WhiteElo "2358"]
[BlackElo "2327"]
[PlyCount "0"]
[EventDate "2023.07.22"]
[EventRounds "9"]
[EventCountry "ENG"]

1. e4 c5 2. Nf3 e6 3. d4 cxd4 4. Nxd4 a6 5. Nc3 b5 6. Bd3 Bb7 7. O-O Nc6 8. Nxc6
Bxc6 9. Re1 Ne7 10. a4 b4 11. Ne2 Ng6 12. Nd4 Bd6 13. Nxc6 dxc6 14. Qh5 Qc7 15. g3
c5 16. Qe2 Qa7 17. Bc4 Be5 18. f4 Bd4+ 19. Kg2 Ne7 20. Qf3 Nc6 21. c3 Na5 22. Bxe6
fxe6 23. cxd4 O-O 24. d5 exd5 25. exd5 Qb7 26. Be3 Nb3 27. Rad1 Rad8 28. Bf2 c4 29.
d6 Qxf3+ 30. Kxf3 Rf6 31. d7 Kf7 32. g4 g5 33. f5 c3 34. bxc3 bxc3 35. Be3 h6 36.
Rd3 Rc6 37. Rb1 Nc5 38. Rxc3 Nxd7 39. Rxc6 Ne5+ 40. Ke4 Nxc6 41. Rb7+ Kg8 42. Bc5
Re8+ 43. Kd5 Ne5 44. h3 Nf7 45. Ra7 Rd8+ 46. Ke6 Re8+ 47. Kf6 Rc8 48. Rxf7 Rc6+ 49.
Bd6 Rxd6+ 50. Ke5 Rd3 51. Ra7 Rxh3 52. Kf6  1-0

[Event "British Chess Championships 2023: British Championship"]
[Site "The Venue, De Montfort University, 20 Western Boulevard, Leicester, LE2 7BU"]
[Date "2023.07.30"]
[Round "9"]
[Board "11"]
[White "Kanyamarala, Tarun"]
[Black "Mitra, Roman C"]
[Result "1-0"]
[WhiteElo "2344"]
[BlackElo "2171"]
[PlyCount "0"]
[EventDate "2023.07.22"]
[EventRounds "9"]
[EventCountry "ENG"]

1. d4 Nf6 2. c4 e6 3. Nc3 Bb4 4. g3 O-O 5. Bg2 d5 6. Nf3 dxc4 7. Qa4 a5 8. O-O Bd7
9. Qc2 Bc6 10. Rd1 Nbd7 11. Ne5 Bxg2 12. Kxg2 Nxe5 13. dxe5 Nd7 14. Ne4 Qc8 15. Ng5
f5 16. exf6 Nxf6 17. Qxc4 Ra6 18. Bf4 Rc6 19. Qb3 h6 20. Nf3 Nd5 21. Be5 Rb6 22.
Qc2 Qe8 23. Rac1 Bd6 24. Bd4 Rc6 25. Qb3 Rxc1 26. Rxc1 b6 27. e4 a4 28. Qd1 c5 29.
Bxg7 Kxg7 30. exd5 exd5 31. Qxd5 Qa8 32. Qh5 Qe4 33. Re1 Qf5 34. Qxf5 Rxf5 35. Re6
Rf6 36. Re8 c4 37. Nd2 Bc5 38. Ne4 Rf8 39. Rxf8 Bxf8 40. a3 Kf7 41. Nc3 Ke6 42. Nxa4
b5 43. Nc3 Bg7 44. f4 h5 45. Kf3 Kd7 46. Ke4 Kc6 47. Kf5 Bd4 48. Ke6 Bg1 49. h3 Bh2
50. Ne2  1-0

[Event "British Chess Championships 2023: British Championship"]
[Site "The Venue, De Montfort University, 20 Western Boulevard, Leicester, LE2 7BU"]
[Date "2023.07.30"]
[Round "9"]
[Board "12"]
[White "Turner, Max N"]
[Black "Balaji, Aaravamudhan"]
[Result "0-1"]
[WhiteElo "2252"]
[BlackElo "2334"]
[PlyCount "0"]
[EventDate "2023.07.22"]
[EventRounds "9"]
[EventCountry "ENG"]

1. d4 g6 2. Nf3 Bg7 3. g3 c5 4. c3 Qa5 5. d5 d6 6. Bg2 Nf6 7. O-O O-O 8. Re1 b5 9.
e4 Bg4 10. h3 Bxf3 11. Bxf3 Nbd7 12. Bg2 c4 13. Be3 Ne5 14. Re2 Nfd7 15. Nd2 Rfc8
16. Bd4 Nd3 17. Bxg7 Kxg7 18. Qc2 N7c5 19. Bf1 Qb6 20. Re3 Ne5 21. Nf3 Nxf3+ 22.
Rxf3 Nd7 23. Re3 h5 24. h4 Ne5 25. Qd2 Rab8 26. Be2 b4 27. f4 Nd3 28. Kg2 Nxb2 29.
Rb1 Nd3 30. Bxd3 cxd3 31. Rxb4 Qa6 32. Rxd3 Rxb4 33. cxb4 Qa4 34. Rb3 Rc4 35. e5
dxe5 36. fxe5 Re4 37. e6 fxe6 38. dxe6 Rxe6 39. Rf3 Qc6 40. Kf2 Qb6+ 41. Kg2 Qc6
42. Kf2 Re4 43. Qb2+ Kg8 44. Qb3+ e6 45. Qd3 Kg7 46. a3 Rc4 47. Qe3 Rc2+ 48. Kg1
Qd7 49. Rf1 Qb7 50. Rf3 Kh7 51. Qf4 Qb6+ 52. Kh1 Rc7 53. Kh2 Rc2+ 54. Kh3 Rc7 55.
Qe5 Qb7 56. b5 Rc2 57. Qf6 Rc7 58. Qf4 e5 59. Qxe5 Rc2 60. Qe6 Qxf3  0-1

[Event "British Chess Championships 2023: British Championship"]
[Site "The Venue, De Montfort University, 20 Western Boulevard, Leicester, LE2 7BU"]
[Date "2023.07.30"]
[Round "9"]
[Board "14"]
[White "Rudd, Jack"]
[Black "Chan, Sheng Liang Bernard"]
[Result "1-0"]
[WhiteElo "2276"]
[BlackElo "2078"]
[PlyCount "0"]
[EventDate "2023.07.22"]
[EventRounds "9"]
[EventCountry "ENG"]

1. d4 Nf6 2. c4 e6 3. Nc3 Bb4 4. e3 O-O 5. Bd3 d5 6. Nf3 dxc4 7. Bxc4 c5 8. a3 Bxc3+
9. bxc3 Qc7 10. Qc2 b6 11. O-O Bb7 12. Bd3 Nbd7 13. Bb2 Rac8 14. Qe2 e5 15. dxe5
Nxe5 16. Nxe5 Qxe5 17. c4 Qe7 18. a4 Be4 19. Bxe4 Nxe4 20. Rfd1 Rcd8 21. a5 Qe6 22.
axb6 Qxb6 23. h3 Qb3 24. Rxd8 Rxd8 25. Bxg7 Kxg7 26. Qg4+ Kf8 27. Qxe4 Rd1+ 28. Rxd1
Qxd1+ 29. Kh2 Qd6+ 30. g3 Qe6 31. Qxh7 Qxc4 32. Qh8+ Ke7 33. Qe5+ Kd7 34. h4 Qc2
35. Kg2 c4 36. h5 Qd3 37. Qb5+ Ke7 38. g4 a6 39. Qe5+ Kd7 40. h6 c3 41. h7 Qxh7 42.
Qxc3 Qg6 43. Qd4+ Kc6 44. f3 Kb5 45. e4 a5 46. Kg3 a4 47. Qd5+ Kb4 48. e5 Qe6 49.
Qd4+ Qc4 50. Qb6+ Kc3 51. g5 a3 52. g6 fxg6 53. e6 a2 54. Qe3+ Qd3 55. Qc5+ Qc4 56.
Qa5+ Kb2 57. e7 a1=Q 58. Qxa1+ Kxa1 59. e8=Q Qd4 60. Qe2 Qd6+ 61. f4 Kb1 62. Qe4+
Kc1 63. Kg4 Qd1+ 64. Kg5 Qg1+ 65. Kf6 Qg4 66. Qe5 Kd2 67. Qg5 Qd7 68. f5+ Kd3 69.
Qg3+ Ke4 70. Qe5+ Kf3 71. Kxg6 Qd3 72. Qh2 Kg4 73. Qg2+ Kf4 74. Qg5+ Ke5 75. Qf6+
Kf4 76. Qh4+ Ke5 77. Qh2+ Kd5 78. Qf4 Qb1 79. Qe3 Kc6 80. Kg5 Kd7 81. f6 Qh7 82.
Qa7+  1-0

[Event "British Chess Championships 2023: British Championship"]
[Site "The Venue, De Montfort University, 20 Western Boulevard, Leicester, LE2 7BU"]
[Date "2023.07.30"]
[Round "9"]
[Board "15"]
[White "Jackson, Edward"]
[Black "Ashton, Adam G"]
[Result "1/2-1/2"]
[WhiteElo "1942"]
[BlackElo "2314"]
[PlyCount "0"]
[EventDate "2023.07.22"]
[EventRounds "9"]
[EventCountry "ENG"]

1. e4 e5 2. Nf3 Nc6 3. Bb5 a6 4. Ba4 Nf6 5. O-O Be7 6. Re1 b5 7. Bb3 O-O 8. a4 Bb7
9. d3 d5 10. axb5 axb5 11. Rxa8 Bxa8 12. Nc3 dxe4 13. dxe4 Bb4 14. Qe2 Nd4 15. Nxd4
exd4 16. Rd1 Bxc3 17. bxc3 Nxe4 18. Bb2 c5 19. Qxb5 Qg5 20. Qf1 dxc3 21. Bc1 Nd2
22. Bxd2 cxd2 23. f4 Qe7 24. Rxd2 h6 25. h3  1/2-1/2

[Event "British Chess Championships 2023: British Championship"]
[Site "The Venue, De Montfort University, 20 Western Boulevard, Leicester, LE2 7BU"]
[Date "2023.07.30"]
[Round "9"]
[Board "16"]
[White "Pollack, Oscar"]
[Black "Merriman, John"]
[Result "0-1"]
[WhiteElo "2096"]
[BlackElo "2274"]
[PlyCount "0"]
[EventDate "2023.07.22"]
[EventRounds "9"]
[EventCountry "ENG"]

1. e4 e6 2. d4 d5 3. Nd2 Be7 4. e5 c5 5. c3 Nc6 6. Bd3 Bd7 7. Ne2 cxd4 8. cxd4 Qb6
9. Nf3 Nb4 10. Bb1 Bb5 11. O-O Qa6 12. Re1 Nd3 13. Bxd3 Bxd3 14. Ng3 Rc8 15. Bg5
h6 16. Bxe7 Nxe7 17. Rc1 O-O 18. Qd2 Bg6 19. Nh4 Bh7 20. Nh5 Qd3 21. Qf4 Rxc1 22.
Rxc1 Rc8 23. Re1 Bg6 24. Nxg7 Kxg7 25. Qf6+ Kf8 26. h3 Ng8 27. Qh8 Qxd4 28. Nxg6+
fxg6 29. g3 Rc7 30. Re3 Rf7 31. Kg2 Qxb2  0-1

[Event "British Chess Championships 2023: British Championship"]
[Site "The Venue, De Montfort University, 20 Western Boulevard, Leicester, LE2 7BU"]
[Date "2023.07.30"]
[Round "9"]
[Board "17"]
[White "Toma, Katarzyna"]
[Black "Shearsby, Jude"]
[Result "0-1"]
[WhiteElo "2259"]
[BlackElo "2076"]
[PlyCount "0"]
[EventDate "2023.07.22"]
[EventRounds "9"]
[EventCountry "ENG"]

1. e4 c5 2. Ne2 Nf6 3. Nbc3 d6 4. d4 cxd4 5. Nxd4 g6 6. Be2 Bg7 7. O-O O-O 8. Re1
Nc6 9. Nb3 Be6 10. Bf3 Ne5 11. Nd5 Bxd5 12. exd5 Qc8 13. Be2 Nc4 14. c3 Nb6 15. Bf3
Re8 16. a4 a5 17. Re2 Qd7 18. Be3 Nxa4 19. Qd2 b6 20. Nd4 Nc5 21. Rae1 Rac8 22. Nc6
e5 23. b4 axb4 24. cxb4 e4 25. bxc5 exf3 26. gxf3 dxc5 27. Bf4 Rxe2 28. Rxe2 Bf8
29. Bg5 Qxd5 30. Bxf6 Qxd2 31. Rxd2 Rxc6 32. Bc3 b5 33. Rd8 b4 34. Bb2 c4 35. Bc1
Rd6  0-1

[Event "British Chess Championships 2023: British Championship"]
[Site "The Venue, De Montfort University, 20 Western Boulevard, Leicester, LE2 7BU"]
[Date "2023.07.30"]
[Round "9"]
[Board "18"]
[White "Saunders, Aron"]
[Black "Smith, Olivia"]
[Result "1-0"]
[WhiteElo "2113"]
[BlackElo "2042"]
[PlyCount "0"]
[EventDate "2023.07.22"]
[EventRounds "9"]
[EventCountry "ENG"]

1. e4 c6 2. d4 d5 3. e5 c5 4. dxc5 e6 5. a3 Nc6 6. Nf3 Bxc5 7. b4 Bb6 8. Bb2 Nge7
9. Bd3 Ng6 10. O-O Nf4 11. Re1 h5 12. h4 Bd7 13. Bf1 Ng6 14. g3 Qc7 15. Nbd2 a5 16.
b5 Nce7 17. Rc1 Nf5 18. Kg2 Qc5 19. Qe2 a4 20. c4 dxc4 21. Nxc4 Qxb5 22. Qd2 Ba5
23. Nd6+ Nxd6 24. Bxb5 Bxd2 25. Bxd7+ Kxd7 26. Nxd2 Nb5 27. Ne4 Rhc8 28. Nc5+ Ke8
29. Nxb7 Ne7 30. Rxc8+ Rxc8 31. Re4 Kd7 32. Rxa4 Kc6 33. Na5+ Kb6 34. Nc4+ Kc5 35.
Ne3 Nc6 36. Rc4+ Kb6 37. Rf4 Nd8 38. a4 Nc3 39. Nc4+ Rxc4 40. Rxc4 Nd5 41. Rc8 Nc6
42. Rf8 f6 43. exf6  1-0

[Event "British Chess Championships 2023: British Championship"]
[Site "The Venue, De Montfort University, 20 Western Boulevard, Leicester, LE2 7BU"]
[Date "2023.07.30"]
[Round "9"]
[Board "19"]
[White "Kanyamarala, Trisha"]
[Black "Mihalik, Agoston"]
[Result "1-0"]
[WhiteElo "2344"]
[BlackElo "2136"]
[PlyCount "0"]
[EventDate "2023.07.22"]
[EventRounds "9"]
[EventCountry "ENG"]

1. d4 Nf6 2. c4 e6 3. Nc3 Bb4 4. g3 O-O 5. Bg2 d5 6. Nf3 b6 7. O-O Bb7 8. cxd5 exd5
9. Ne5 Nbd7 10. Bg5 Bxc3 11. bxc3 Qe8 12. Nxd7 Nxd7 13. c4 Qe6 14. Rc1 Rfc8 15. cxd5
Bxd5 16. e4 Bb7 17. d5 Qd6 18. f4 f6 19. Bh4 Re8 20. Re1 a5 21. g4 Nc5 22. Bg3 Rad8
23. Qc2 Qd7 24. Bf3 c6 25. Rcd1 cxd5 26. exd5 Rxe1+ 27. Bxe1 Qb5 28. Bf2 Qa4 29.
Qd2 Ne4 30. Qd4 Qxd4 31. Bxd4 Nc5 32. Bxc5 bxc5 33. Rc1 Rc8 34. Kf2 Kf7 35. Ke3 Ke8
36. Rb1 Ba6 37. Kd2 Bc4 38. Kc3 Ba6 39. Rb6 Bf1 40. Rb7 Kf8 41. Ra7 Re8 42. Kd2 c4
43. Rc7 Rb8 44. Kc3 Re8 45. Kd4 Be2 46. Bxe2 Rxe2 47. Rxc4 Rxa2 48. d6 Rd2+ 49. Kc5
Ke8 50. Kc6 Kd8 51. h4 Rd3 52. Rc5 a4 53. Ra5 Rc3+ 54. Kd5 a3 55. Ra8+ Kd7 56. Ra7+
Kd8 57. Rxg7 Kc8 58. Ra7 Re3 59. d7+ Kd8 60. Kd6 Rd3+ 61. Ke6 Re3+ 62. Kxf6 Rd3 63.
h5 Rh3 64. f5 h6 65. Ke6 Re3+ 66. Kd6 Rd3+ 67. Ke5 Rf3 68. f6 Re3+ 69. Kf4 Re6 70.
Kf5 Re3 71. f7 Rf3+ 72. Ke6 Re3+ 73. Kf6 Rf3+ 74. Kg7  1-0

[Event "British Chess Championships 2023: British Championship"]
[Site "The Venue, De Montfort University, 20 Western Boulevard, Leicester, LE2 7BU"]
[Date "2023.07.30"]
[Round "9"]
[Board "20"]
[White "Kolbus, Dietmar"]
[Black "Badacsonyi, Frankie"]
[Result "1/2-1/2"]
[WhiteElo "2270"]
[BlackElo "1966"]
[PlyCount "0"]
[EventDate "2023.07.22"]
[EventRounds "9"]
[EventCountry "ENG"]

1. c4 e5 2. Nc3 Bb4 3. Qc2 Bxc3 4. Qxc3 d6 5. g3 Nc6 6. Bg2 Nf6 7. d3 h6 8. Nf3 Bf5
9. e4 Bd7 10. O-O O-O 11. Re1 Nh7 12. Be3 Ng5 13. Nxg5 hxg5 14. d4 exd4 15. Bxd4
Nxd4 16. Qxd4 Bc6 17. e5 Bxg2 18. Kxg2 dxe5 19. Qxe5 Re8 20. Qb5 Rxe1 21. Rxe1 Rb8
22. Qc5 b6 23. Qc6 Qd6 24. Qxd6 cxd6 25. Re7 b5 26. cxb5 Rxb5 27. b3 a5 28. Re8+
Kh7 29. Ra8 Kg6 30. Ra6 Rd5 31. g4 Kf6 32. Kf3 Ke6 33. Ra8 g6 34. h3 Ke5 35. Ke3
f5 36. Re8+ Kf6 37. Rf8+ Kg7 38. Rc8 Kf6 39. Rf8+ Kg7 40. Rd8 Kf6 41. a4 Ke5 42.
Re8+ Kf6 43. Rb8 Ke5 44. Re8+ Kf6 45. Rf8+  1/2-1/2

[Event "British Chess Championships 2023: British Championship"]
[Site "The Venue, De Montfort University, 20 Western Boulevard, Leicester, LE2 7BU"]
[Date "2023.07.30"]
[Round "9"]
[Board "21"]
[White "Khoury, Theo"]
[Black "Beaumont, Chris R"]
[Result "1-0"]
[WhiteElo "2066"]
[BlackElo "2262"]
[PlyCount "0"]
[EventDate "2023.07.22"]
[EventRounds "9"]
[EventCountry "ENG"]

1. e4 d6 2. d4 Nf6 3. Nc3 g6 4. Bg5 c6 5. Qd2 b5 6. Bd3 Bg7 7. f4 O-O 8. Nf3 Bg4
9. O-O Qb6 10. e5 Bxf3 11. exf6 exf6 12. Bh4 b4 13. Na4 Qa5 14. Rxf3 Qxa4 15. f5
Nd7 16. Bg3 d5 17. Bd6 Rfe8 18. Rh3 Bf8 19. Bxf8 Nxf8 20. b3 Qa3 21. Rf1 g5 22. Rh5
Qb2 23. Qf2 Kg7 24. h4 h6 25. hxg5 hxg5 26. g4 Nd7 27. Kg2 Rh8 28. Rxg5+ fxg5 29.
f6+ Kf8 30. Qe3 Nxf6 31. Rxf6 Rg8 32. Qe6 Rg7 33. Bg6  1-0

[Event "British Chess Championships 2023: British Championship"]
[Site "The Venue, De Montfort University, 20 Western Boulevard, Leicester, LE2 7BU"]
[Date "2023.07.30"]
[Round "9"]
[Board "22"]
[White "Ismail, Mohammed Aayan"]
[Black "Szekely, Virgil"]
[Result "1/2-1/2"]
[WhiteElo "2169"]
[BlackElo "1957"]
[PlyCount "0"]
[EventDate "2023.07.22"]
[EventRounds "9"]
[EventCountry "ENG"]

1. e4 c5 2. b3 d5 3. exd5 Qxd5 4. Nc3 Qd8 5. Nf3 Nc6 6. Bb5 Bd7 7. O-O Nf6 8. Re1
e6 9. Bb2 Be7 10. Bxc6 Bxc6 11. Ne5 Qd6 12. Ne2 Nd7 13. Nxc6 Qxc6 14. d4 Bf6 15.
c4 O-O 16. Qd2 Rfd8 17. Rad1 Qa6 18. Qc2 Rac8 19. dxc5 Qxa2 20. Nc3 Qa5 21. Ra1 Qb4
22. Ra4 Qxc5 23. Ne4 Qb6 24. Nxf6+ Nxf6 25. Bxf6 gxf6 26. Qc3 Qd4 27. Qg3+ Kh8 28.
Qf3 b5 29. cxb5 Qc3 30. Qxc3 Rxc3 31. Rxa7 Kg7 32. h4 Rxb3 33. Rxe6 Rxb5 34. Ree7
Rf8 35. Kh2 h5 36. Kg3 Kg6 37. Rec7 Rf5 38. f3 Rb5 39. Kh3 Rf5 40. Rc3 Re8 41. g4
Rfe5 42. Rcc7 Rf8 43. Rc4 Rfe8 44. gxh5+ Rxh5 45. Rg4+ Kf5 46. Raa4 Re1 47. Raf4+
Ke6 48. Rg2 f5 49. Ra4 Kf6 50. Ra6+ Re6 51. Ra8 Rh6 52. Rgg8 Rg6 53. h5 Rxg8 54.
Rxg8 Re1 55. Kg2 Re2+ 56. Kg3 Re1 57. Kf4 Rh1 58. Rh8 Kg7 59. Rb8 Rxh5 60. Rb6 f6
61. Rb8 Kf7 62. Ra8 Rh3 63. Rb8 Kg7 64. Ra8 Kg6 65. Rg8+ Kf7 66. Ra8 Rh5 67. Rb8
Rg5 68. Rb7+ Ke6 69. Rb5 Rh5 70. Rb6+ Kf7 71. Rb8 Ke6 72. Rb6+ Kf7 73. Rb8 Kg7 74.
Ra8 Kf7  1/2-1/2

[Event "British Chess Championships 2023: British Championship"]
[Site "The Venue, De Montfort University, 20 Western Boulevard, Leicester, LE2 7BU"]
[Date "2023.07.30"]
[Round "9"]
[Board "23"]
[White "Stoica, Savas Marin"]
[Black "Weersing, Abigail R"]
[Result "1-0"]
[WhiteElo "2156"]
[BlackElo "1919"]
[PlyCount "0"]
[EventDate "2023.07.22"]
[EventRounds "9"]
[EventCountry "ENG"]

1. e4 e6 2. d4 d5 3. e5 c5 4. c3 Nc6 5. Nf3 Bd7 6. Bd3 cxd4 7. O-O dxc3 8. Nxc3 Nge7
9. Bg5 Qb8 10. Re1 Ng6 11. Qe2 a6 12. h4 Bc5 13. h5 Nge7 14. h6 g6 15. Bf6 Rg8 16.
Ng5 Nd4 17. Qg4 Qa7 18. Qf4 Ndf5 19. Nxh7 O-O-O 20. Rac1 Kb8 21. b4 Bd4 22. Ne2 g5
23. Nxg5 Ng6 24. Qf3 Ngh4 25. Qh3 Bxf2+ 26. Kh1 Bxe1 27. Bxd8 Bd2 28. Bxf5 Qf2 29.
Nxf7 Bxc1 30. Bxh4 Qf1+ 31. Ng1 Be3 32. Qh2 Qxf5 33. Bf6 Qh7 34. Nf3 Rg6 35. Bg5
Bb6 36. Qh5 Be8 37. Nd6 Bd7 38. Nh4 Rg8 39. Nf3 Rg6 40. Bd2 Ba4 41. Nf7 Bf2 42. Bf4
Ka7 43. N3g5 Rxh6 44. Nxh6 Qb1+ 45. Kh2 Qg1+ 46. Kh3 Bd1 47. Nf3 Qh1+ 48. Bh2 Be2
49. Qg4 d4 50. Qe4 d3 51. Ng4 Bb6 52. Nd2 Bg1 53. Kg3 Bxh2+ 54. Nxh2 Qe1+ 55. Kf4
Qxd2+ 56. Qe3+ Qxe3+ 57. Kxe3 Kb6 58. Nf3 Kb5 59. Nd4+ Kc4 60. Nxe2 dxe2 61. Kxe2
Kd4 62. Kf3 Kxe5 63. Ke3 Kf5 64. a4 b6 65. Kf3 Ke5 66. g4 Kd4 67. g5 Ke5 68. Kg4
b5 69. axb5 axb5 70. Kh5 Kf5 71. g6  1-0

[Event "British Chess Championships 2023: British Championship"]
[Site "The Venue, De Montfort University, 20 Western Boulevard, Leicester, LE2 7BU"]
[Date "2023.07.30"]
[Round "9"]
[Board "24"]
[White "Alldritt, Nigel Re"]
[Black "Merriman, James"]
[Result "1-0"]
[WhiteElo "1962"]
[BlackElo "2067"]
[PlyCount "0"]
[EventDate "2023.07.22"]
[EventRounds "9"]
[EventCountry "ENG"]

1. d4 Nf6 2. c4 e6 3. g3 c5 4. d5 exd5 5. cxd5 d6 6. Nc3 g6 7. Bg2 Bg7 8. Nf3 O-O
9. O-O Na6 10. Bf4 Nc7 11. a4 Re8 12. Re1 Rb8 13. e4 Nh5 14. Bg5 f6 15. Bc1 a6 16.
h3 Bf8 17. a5 Ng7 18. Nd2 b5 19. axb6 Rxb6 20. Nc4 Rb4 21. b3 Nb5 22. Na2 a5 23.
Nxb4 axb4 24. Bb2 Bd7 25. f4 Be7 26. g4 h5 27. e5 fxe5 28. fxe5 hxg4 29. e6 gxh3
30. Qg4 Bh4 31. Qxg6 Re7 32. Be4 Bf2+ 33. Kh1  1-0

[Event "British Chess Championships 2023: British Championship"]
[Site "The Venue, De Montfort University, 20 Western Boulevard, Leicester, LE2 7BU"]
[Date "2023.07.30"]
[Round "9"]
[Board "25"]
[White "Volovich, Julia"]
[Black "Pert, Nina P"]
[Result "0-1"]
[WhiteElo "1811"]
[BlackElo "2021"]
[PlyCount "0"]
[EventDate "2023.07.22"]
[EventRounds "9"]
[EventCountry "ENG"]

1. d4 d5 2. c4 e6 3. Nc3 c5 4. cxd5 cxd4 5. Qxd4 Nc6 6. Qd1 exd5 7. Qxd5 Bd7 8. Nf3
Nf6 9. Qb3 Be6 10. Qc2 a6 11. e3 Bc5 12. Be2 O-O 13. O-O Qe7 14. Bd2 Bg4 15. Ng5
Nb4 16. Qb1 Bxe2 17. Nxe2 h6 18. Nf3 Nbd5 19. Ned4 Ne4 20. Qd3 Rfd8 21. a3 Rd7 22.
Rfd1 Rad8 23. Ba5 Re8 24. Rac1 Qf6 25. Be1 g5 26. Nd2 Nxd2 27. Rxc5 Ne4 28. Rcc1
g4 29. Qb3 Re5 30. Rc8+ Kg7 31. Qa4 Nb6 32. Qc2 Nxc8 33. Qxc8 Red5 34. f3 gxf3 35.
gxf3 Qg6+ 36. Kf1 Nf6 37. Bc3 Qh5 38. Rd2 Kh7 39. Rf2 Qg5 40. Ke2 Re7 41. e4 Rc5
42. Qh3 Nd5 43. Bd2 Nf4+ 44. Bxf4 Qxf4 45. Kd3 Rxe4 46. fxe4 Qxf2 47. Qd7 Qf1+ 48.
Ke3 Rc1 49. Nf3 Qc4 50. Qxb7 Rf1 51. e5 Qc1+ 52. Kd3 Rd1+ 53. Ke4 Qc4+ 54. Kf5 Qe6+
55. Kf4 Qc4+ 56. Kg3 h5 57. e6 h4+ 58. Nxh4 Qxe6 59. Qf3 Qd6+ 60. Kg2 Rd2+ 61. Kf1
Qd3+ 62. Qxd3+ Rxd3 63. Ke2 Rb3 64. Nf3 Rxb2+  0-1

[Event "British Chess Championships 2023: British Championship"]
[Site "The Venue, De Montfort University, 20 Western Boulevard, Leicester, LE2 7BU"]
[Date "2023.07.30"]
[Round "9"]
[Board "26"]
[White "Burrows, Martin P"]
[Black "Dignam, Matthew P"]
[Result "0-1"]
[WhiteElo "2101"]
[BlackElo "2055"]
[PlyCount "0"]
[EventDate "2023.07.22"]
[EventRounds "9"]
[EventCountry "ENG"]

1. e4 e6 2. d4 d5 3. Nc3 Nf6 4. Bg5 dxe4 5. Nxe4 Be7 6. Bxf6 gxf6 7. Nf3 b6 8. Bc4
Bb7 9. Qe2 c6 10. O-O-O Qc7 11. Kb1 Nd7 12. Rhe1 O-O-O 13. Ba6 Rhg8 14. g3 Kb8 15.
Bxb7 Qxb7 16. c4 f5 17. Nc3 Bf6 18. Qc2 Qa6 19. Ne2 c5 20. d5 e5 21. Nd2 e4 22. f3
e3 23. Nf1 Rge8 24. f4 Re4 25. b3 b5 26. cxb5 Qxb5 27. Rc1 Nb6 28. Nc3 Bxc3 29. Qxc3
Nxd5 30. Qxc5 Qd3+ 31. Qc2 Nb4 32. Qxd3 Nxd3 33. Rxe3 Nxc1 34. Kxc1 Red4 35. Re1
Rc8+ 36. Kb2 Re4  0-1

[Event "British Chess Championships 2023: British Championship"]
[Site "The Venue, De Montfort University, 20 Western Boulevard, Leicester, LE2 7BU"]
[Date "2023.07.30"]
[Round "9"]
[Board "27"]
[White "Koiza, Peter"]
[Black "Payne, Matthew J"]
[Result "1/2-1/2"]
[WhiteElo "1963"]
[BlackElo "2104"]
[PlyCount "0"]
[EventDate "2023.07.22"]
[EventRounds "9"]
[EventCountry "ENG"]

1. d4 Nf6 2. c4 g6 3. g3 Bg7 4. Bg2 O-O 5. Nc3 d6 6. e3 c5 7. Nge2 Nc6 8. O-O a6
9. dxc5 dxc5 10. Qxd8 Nxd8 11. Na4 Nd7 12. Nf4 Rb8 13. Nd5 Nc6 14. Bd2 e6 15. Nf4
Nce5 16. Rac1 Nxc4 17. Rxc4 b5 18. Rxc5 bxa4 19. Rc2 Bxb2 20. Rb1 Be5 21. Rxb8 Nxb8
22. Bb4 Rd8 23. Nd3 Bf6 24. Ba5 Rf8 25. Bc7 Bd7 26. Nc5 Bb5 27. Bb7 Be7  1/2-1/2

[Event "British Chess Championships 2023: British Championship"]
[Site "The Venue, De Montfort University, 20 Western Boulevard, Leicester, LE2 7BU"]
[Date "2023.07.30"]
[Round "9"]
[Board "28"]
[White "Gardiner, Eric D"]
[Black "Starley, Robert"]
[Result "0-1"]
[WhiteElo "1843"]
[BlackElo "2064"]
[PlyCount "0"]
[EventDate "2023.07.22"]
[EventRounds "9"]
[EventCountry "ENG"]

1. e4 c5 2. c3 Nf6 3. e5 Nd5 4. Nf3 Nc6 5. Bc4 e6 6. d4 Nb6 7. Bb3 c4 8. Bc2 d5 9.
Nbd2 Bd7 10. Nf1 Be7 11. Ng3 Qc7 12. O-O O-O-O 13. Bg5 f6 14. exf6 gxf6 15. Bh4 Rdg8
16. Qd2 h5 17. Ne2 Rg4 18. Bg3 e5 19. dxe5 fxe5 20. h3 Rg7 21. Nh4 Bxh4 22. Bxh4
Bxh3 23. Ng3 Be6 24. Bd1 Rhg8 25. Bxh5 Bg4 26. Bxg4+ Rxg4 27. Qh6 Qg7 28. Qxg7 R8xg7
29. Nf5 Rxg2+ 30. Kh1 R2g4 31. Bg3 Rh7+ 32. Kg2 Rg5 33. Ne3 Kd7 34. Rh1 Rgh5 35.
Rxh5 Rxh5 36. Ng4 Ke6 37. Re1 Nd7 38. f4 e4 39. Ne3 Ne7 40. Rd1 Nb6 41. Bf2 Rh7 42.
Nc2 Nf5 43. Nd4+ Nxd4 44. Bxd4 Nc8 45. Kg3 a6 46. b3 Nd6 47. bxc4 dxc4 48. a4 Nf5+
49. Kg4 Rd7 50. Rh1 Nxd4 51. Rh6+ Kd5 52. Rh5+ Kc6 53. cxd4 Rxd4 54. f5 c3 55. f6
c2 56. f7 c1=Q 57. f8=Q Qd1+ 58. Kg3 Qxh5 59. Qc8+ Kb6 60. Qe6+ Ka7  0-1